Les Rookie Of The Year des années 90 - Statistiques

Statistiques générales
  • Ce quiz a été pris 34 fois
  • Le résultat moyen est 3 sur 11
Answers on the Grid
Answers color-coded by a green-red scale on the quiz's grid according to % correct below.
David Robinson
Larry Johnson
Alonzo Mourning
Chris Webber
Dirk Nowitzki
Kobe Bryant
Shaquille o'neal
Grant Hill
Jason Kidd
Paul Pierce
Kevin Garnett
Allen Iverson
Derrick Coleman
Mark Price
Zidraunas Ilgauskas
Damon Stoudemire
Ray Allen
Dell Curry
Penny Hardaway
Tim Duncan
Vince Carter
Gilbert Arenas
 
Statistiques - réponses
Réponse % Correct
David Robinson
43%
Shaquille o'neal
38%
Tim Duncan
38%
Allen Iverson
33%
Larry Johnson
29%
Vince Carter
29%
Chris Webber
19%
Grant Hill
10%
Damon Stoudemire
5%
Derrick Coleman
5%
Jason Kidd
5%
Aucun quiz correspondant
Distribution des résultats
% des personnes avec chaque résultat
Percentile par nombre de réponses
Votre historique - résultats
Vous n’avez pas pris ce quiz